<?xml version="1.0" encoding="UTF-8"?><?xml-stylesheet type="text/xsl" href="static/style.xsl"?><OAI-PMH xmlns="http://www.openarchives.org/OAI/2.0/" xmlns:xsi="http://www.w3.org/2001/XMLSchema-instance" xsi:schemaLocation="http://www.openarchives.org/OAI/2.0/ http://www.openarchives.org/OAI/2.0/OAI-PMH.xsd"><responseDate>2026-04-14T05:26:23Z</responseDate><request verb="GetRecord" identifier="oai:www.recercat.cat:2072/336393" metadataPrefix="marc">https://recercat.cat/oai/request</request><GetRecord><record><header><identifier>oai:recercat.cat:2072/336393</identifier><datestamp>2024-12-13T09:43:19Z</datestamp><setSpec>com_2072_63420</setSpec><setSpec>com_2072_63419</setSpec><setSpec>com_2072_63412</setSpec><setSpec>com_2072_2015</setSpec><setSpec>col_2072_63421</setSpec></header><metadata><record xmlns="http://www.loc.gov/MARC21/slim" xmlns:dcterms="http://purl.org/dc/terms/" xmlns:xsi="http://www.w3.org/2001/XMLSchema-instance" xmlns:doc="http://www.lyncode.com/xoai" xsi:schemaLocation="http://www.loc.gov/MARC21/slim http://www.loc.gov/standards/marcxml/schema/MARC21slim.xsd">
   <leader>00925njm 22002777a 4500</leader>
   <datafield ind2=" " ind1=" " tag="042">
      <subfield code="a">dc</subfield>
   </datafield>
   <datafield ind2=" " ind1=" " tag="720">
      <subfield code="a">Sánchez García, Antonio Axels</subfield>
      <subfield code="e">author</subfield>
   </datafield>
   <datafield ind2=" " ind1=" " tag="520">
      <subfield code="a">El periodismo afronta un nuevo horizonte con la irrupción de los vídeos informativos adaptados a los hábitos de consumo en redes sociales donde es posible informar de una forma breve, visual e incluso viral para conectar con las audiencias más jóvenes. En el panorama español, medios de comunicación nativos digitales como PlayGround, Vice o Eh! han visto en estos productos periodísticos una oportunidad para destacar dentro de este nuevo ecosistema mediático y captar la atención del público millennial. Asimismo, publicaciones generalistas han replicado este formato de las videonews en su estrategia digital en su lucha por captar la atención de las audiencias y búsqueda de nuevas fórmulas en internet ante el incremento del consumo de contenidos mediante dispositivos móviles.
La presente investigación, que se apoya en estudios previos sobre el análisis de los vídeos informativos en redes sociales (Argila, 2018; Zomeño y Blay Arráez, 2017), profundiza en las características, contenidos y producción de las videonews  en el contexto digital actual con el objetivo de conocer las claves de la evolución del formato para la captación de las audiencias y su inclusión en estrategias en Social Media. Los casos estudiados son PlayGround, uno de los pioneros en España que utilizaron este formato, y La Vanguardia, un medio de comunicación generalista que produce contenidos audiovisuales adaptados a las redes sociales.</subfield>
   </datafield>
   <datafield ind2=" " ind1=" " tag="520">
      <subfield code="a">Journalism faces a new horizon with the emergence of informative videos adapted to consumption habits in social networks where it is possible to report in a brief, visual and even viral way in order to connect with younger audiences. In Spain, digital native media such as PlayGround, Vice or Eh! have seen in these journalistic products an opportunity to stand out in this new media ecosystem and attract the attention of millennial users. Likewise, traditional media have replicated this format of videonews in their digital strategy in order to catch the attention of the audience and search for new formulas on the Internet due to the increase in information
consumption on mobile devices. The present investigation, which is based on previous studies on the analysis
of informative videos on social networks (Argila, 2018, Zomeño and Blay Arráez, 2018), explores deeper the characteristics, contents and production of the videonews in the current digital context with the aim of knowing the keys of the evolution of the format to attract new audiences and their inclusion in the Social Media strategies. The cases studied are PlayGround, one of the pioneers in Spain that uses this format, and La Vanguardia, a traditional media that produces audiovisual content adapted to social networks.</subfield>
   </datafield>
   <datafield ind2=" " ind1=" " tag="520">
      <subfield code="a">El periodisme afronta un nou horitzó amb la irrupció dels vídeos informatius adaptats als hàbits de consum en xarxes socials on és possible informar d'una forma breu, visual i fins i tot viral per connectar amb les audiències més joves. En el panorama espanyol, mitjans de comunicació natius digitals com PlayGround, Vice o Eh! han vist en aquests productes periodístics una oportunitat per destacar dins d'aquest nou ecosistema mediàtic i captar l'atenció del públic millennial. Així mateix, publicacions generalistes han replicat aquest format de les videonews en la seva estratègia digital en la seva lluita per captar l'atenció de les audiències i cerca de noves fórmules en internet davant l'increment del consum de continguts mitjançant dispositius mòbils. La present recerca, que es recolza en estudis previs sobre l'anàlisi dels vídeos informatius en xarxes socials (Argila, 2018; Zomeño i Blay Arráez, 2017), aprofundeix en les característiques, continguts i producció de les videonews en el context digital actual amb l'objectiu de conèixer les claus de l'evolució del format per a la captació de les audiències i la seva inclusió en estratègies en Social Mitjana. Els casos estudiats són PlayGround, un dels pioners a Espanya que van utilitzar aquest format, i La Vanguardia, un mitjà de comunicació generalista que produeix continguts audiovisuals adaptats a les xarxes socials.</subfield>
   </datafield>
   <datafield ind1="8" ind2=" " tag="024">
      <subfield code="a">http://hdl.handle.net/10609/83486</subfield>
   </datafield>
   <datafield tag="653" ind2=" " ind1=" ">
      <subfield code="a">xarxes socials</subfield>
   </datafield>
   <datafield tag="653" ind2=" " ind1=" ">
      <subfield code="a">innovació periodística</subfield>
   </datafield>
   <datafield tag="653" ind2=" " ind1=" ">
      <subfield code="a">periodisme audiovisual</subfield>
   </datafield>
   <datafield tag="653" ind2=" " ind1=" ">
      <subfield code="a">dispositius mòbils</subfield>
   </datafield>
   <datafield tag="653" ind2=" " ind1=" ">
      <subfield code="a">redes sociales</subfield>
   </datafield>
   <datafield tag="653" ind2=" " ind1=" ">
      <subfield code="a">innovación periodística</subfield>
   </datafield>
   <datafield tag="653" ind2=" " ind1=" ">
      <subfield code="a">periodismo audiovisual</subfield>
   </datafield>
   <datafield tag="653" ind2=" " ind1=" ">
      <subfield code="a">dispositivos móviles</subfield>
   </datafield>
   <datafield tag="653" ind2=" " ind1=" ">
      <subfield code="a">social networks</subfield>
   </datafield>
   <datafield tag="653" ind2=" " ind1=" ">
      <subfield code="a">journalism innovation</subfield>
   </datafield>
   <datafield tag="653" ind2=" " ind1=" ">
      <subfield code="a">mobile devices</subfield>
   </datafield>
   <datafield tag="653" ind2=" " ind1=" ">
      <subfield code="a">audiovisual journalism</subfield>
   </datafield>
   <datafield tag="653" ind2=" " ind1=" ">
      <subfield code="a">Mass media -- TFM</subfield>
   </datafield>
   <datafield tag="653" ind2=" " ind1=" ">
      <subfield code="a">Mitjans de comunicació de massa -- TFM</subfield>
   </datafield>
   <datafield tag="653" ind2=" " ind1=" ">
      <subfield code="a">Medios de comunicación de masa -- TFM</subfield>
   </datafield>
   <datafield ind2="0" ind1="0" tag="245">
      <subfield code="a">Periodismo y Social Media: Estudio de la producción y las posibilidades narrativas de las videonews</subfield>
   </datafield>
</record></metadata></record></GetRecord></OAI-PMH>